<?xml version="1.0" encoding="UTF-8"?>
<record
    xmlns:xsi="http://www.w3.org/2001/XMLSchema-instance"
    xsi:schemaLocation="http://www.loc.gov/MARC21/slim http://www.loc.gov/standards/marcxml/schema/MARC21slim.xsd"
    xmlns="http://www.loc.gov/MARC21/slim">

  <leader>00966nam a2200313 u 4500</leader>
  <controlfield tag="001">951799</controlfield>
  <controlfield tag="005">20260506155829.0</controlfield>
  <controlfield tag="008">051026s2004                        spa  </controlfield>
  <datafield tag="020" ind1=" " ind2=" ">
    <subfield code="a">8423420620</subfield>
  </datafield>
  <datafield tag="035" ind1=" " ind2=" ">
    <subfield code="a">951799</subfield>
  </datafield>
  <datafield tag="035" ind1=" " ind2=" ">
    <subfield code="a">(OCoLC)53845966</subfield>
  </datafield>
  <datafield tag="040" ind1=" " ind2=" ">
    <subfield code="c">comduadb</subfield>
  </datafield>
  <datafield tag="041" ind1=" " ind2=" ">
    <subfield code="a">spa</subfield>
  </datafield>
  <datafield tag="082" ind1=" " ind2="4">
    <subfield code="a">658</subfield>
  </datafield>
  <datafield tag="100" ind1="1" ind2="0">
    <subfield code="a">Establier, Marisa</subfield>
    <subfield code="4">trl</subfield>
    <subfield code="e">trl</subfield>
    <subfield code="9">410077</subfield>
  </datafield>
  <datafield tag="245" ind1="1" ind2="0">
    <subfield code="a">Finanzas para directivos : una guia para directivos ocupados</subfield>
  </datafield>
  <datafield tag="260" ind1=" " ind2=" ">
    <subfield code="a">Barcelona :</subfield>
    <subfield code="b">Ediciones Deusto,</subfield>
    <subfield code="c">2004.</subfield>
  </datafield>
  <datafield tag="300" ind1=" " ind2=" ">
    <subfield code="a">246 p&#xE1;ginas</subfield>
  </datafield>
  <datafield tag="490" ind1="0" ind2=" ">
    <subfield code="a">Harvard Business Essentials ;</subfield>
    <subfield code="v">11955</subfield>
  </datafield>
  <datafield tag="650" ind1=" " ind2="7">
    <subfield code="a">Administraci&#xF3;n financiera</subfield>
    <subfield code="2">lemb</subfield>
    <subfield code="9">51437</subfield>
  </datafield>
  <datafield tag="650" ind1=" " ind2=" ">
    <subfield code="a">Operaciones financieras</subfield>
    <subfield code="9">53016</subfield>
  </datafield>
  <datafield tag="650" ind1=" " ind2="7">
    <subfield code="a">Contabilidad de costos</subfield>
    <subfield code="2">lemb</subfield>
    <subfield code="9">63667</subfield>
  </datafield>
  <datafield tag="650" ind1=" " ind2="7">
    <subfield code="a">Impuestos</subfield>
    <subfield code="2">lemb</subfield>
    <subfield code="9">1041</subfield>
  </datafield>
  <datafield tag="650" ind1=" " ind2="7">
    <subfield code="a">Mercado de capitales</subfield>
    <subfield code="2">lemb</subfield>
    <subfield code="9">175659</subfield>
  </datafield>
  <datafield tag="650" ind1=" " ind2=" ">
    <subfield code="a">Presupuesto</subfield>
    <subfield code="9">1401</subfield>
  </datafield>
  <datafield tag="650" ind1=" " ind2=" ">
    <subfield code="a">Valoraci&#xF3;n de inversiones</subfield>
    <subfield code="9">136804</subfield>
  </datafield>
  <datafield tag="650" ind1=" " ind2=" ">
    <subfield code="a">Sistemas de costos</subfield>
    <subfield code="9">58204</subfield>
  </datafield>
  <datafield tag="942" ind1=" " ind2=" ">
    <subfield code="c">BOOK</subfield>
  </datafield>
  <datafield tag="999" ind1=" " ind2=" ">
    <subfield code="c">368150</subfield>
    <subfield code="d">368150</subfield>
  </datafield>
  <datafield tag="952" ind1=" " ind2=" ">
    <subfield code="0">0</subfield>
    <subfield code="1">0</subfield>
    <subfield code="4">0</subfield>
    <subfield code="7">0</subfield>
    <subfield code="8">GEN</subfield>
    <subfield code="a">BC</subfield>
    <subfield code="b">BC</subfield>
    <subfield code="d">2005-10-26</subfield>
    <subfield code="e">Unilibros</subfield>
    <subfield code="g">95130.00</subfield>
    <subfield code="i">C886358</subfield>
    <subfield code="l">0</subfield>
    <subfield code="o">658.15 F491</subfield>
    <subfield code="p">0581566</subfield>
    <subfield code="r">2023-04-26 00:00:00</subfield>
    <subfield code="t">1</subfield>
    <subfield code="w">2023-04-26</subfield>
    <subfield code="y">BOOK</subfield>
  </datafield>
  <datafield tag="952" ind1=" " ind2=" ">
    <subfield code="0">0</subfield>
    <subfield code="1">0</subfield>
    <subfield code="4">0</subfield>
    <subfield code="7">0</subfield>
    <subfield code="8">GEN</subfield>
    <subfield code="a">BC</subfield>
    <subfield code="b">BC</subfield>
    <subfield code="d">2005-10-26</subfield>
    <subfield code="e">Unilibros</subfield>
    <subfield code="g">95130.00</subfield>
    <subfield code="i">C886360</subfield>
    <subfield code="l">0</subfield>
    <subfield code="o">658.15 F491 e2</subfield>
    <subfield code="p">0581567</subfield>
    <subfield code="r">2023-04-26 00:00:00</subfield>
    <subfield code="t">2</subfield>
    <subfield code="w">2023-04-26</subfield>
    <subfield code="y">BOOK</subfield>
  </datafield>
</record>
